000
00285nam a22001217a 4500
008
181101b xxu||||| |||| 00| 0 eng d
041
_a
eng
080
_a
616.12
100
_a
7
101
_a
KARD
245
_a
Fundamentals of Clinical Electrocardiography
_c
Geigy,D
942
_2
udc
_c
BK
999
_c
51500
_d
51500